Cardiopulmonary resuscitation : a study of trainees' retention /

Bibliographic Details
Main Author: James, Marty
Format: Thesis Microform Book
Language:English
Published: [Place of publication not identified] : [publisher not identified] ; 1983.
Subjects:

MARC

Tag First Indicator Second Indicator Subfields
LEADER 00000cam a2200000 a 4500
001 in00000026942
005 20151007054609.0
007 he bmb|||||||
008 850618r19851983oru bb 00010 eng d
035 |a (OCoLC)12171551 
035 |9 AAB5670AM 
040 |a ORU  |c IWU  |d IWU  |d HPE  |d TXA  |d UtOrBLW 
049 |a TXAI 
099 |a fiche  |a C  |a 8516 
100 1 |a James, Marty. 
245 1 0 |a Cardiopulmonary resuscitation :  |b a study of trainees' retention /  |c by Marty James. 
264 1 |a [Place of publication not identified] :  |b [publisher not identified] ;  |c 1983. 
300 |a vii, 60 leaves. 
336 |a text  |b txt  |2 rdacontent 
337 |a microform  |b h  |2 rdamedia 
338 |a microfiche  |b he  |2 rdacarrier 
502 |b M.A.  |c Texas Woman's University  |d 1983. 
504 |a Bibliography: leaves [56]-60. 
533 |a Microfiche.  |b Eugene :  |c Microform Publications, College of Human Development and Performance, University of Oregon,  |d 1985.  |e 1 microfiche : negative ; 11 x 15 cm. 
500 |a Microform. 
650 0 |a Cardiac resuscitation. 
650 0 |a Memory. 
999 |a MARS 
999 f f |s 3f7a6f0d-7948-3d3f-8096-19956505c4d5  |i 6bff2466-d8fe-380d-8e36-7cce7c9e1874  |t 0 
952 f f |p normal  |a Texas A&M University  |b College Station  |c Sterling C. Evans Library  |d Evans: Microforms (3rd floor)  |t 0  |e fiche C 8516  |h Other scheme  |i microform -- microfiche  |m A14822823942 
998 f f |a fiche C 8516  |t 0  |l Evans: Microforms (3rd floor)